Music Quiz

Random Music or Clickable Quiz

SONG LYRIC MATCH: INXS (Click) Quiz Stats

 Plays Quiz not verified by Sporcle

Challenge
Share
Tweet
Embed
Score 0/15 Timer 02:00
0 Plays Today
% Correct
Listen Like Thieves
77%
Mediate
67.2%
Disappear
60.1%
New Sensation
51.4%
Don't Change
50.8%
This Time
49.7%
Just Keep Walking
42.6%
Kick
40.4%
% Correct
I Send A Message
34.4%
The Gift
33.9%
Perfect Strangers
30.6%
Burn For You
29.5%
Elegantly Wasted
29%
Baby Don't Cry
28.4%
Afterglow
24.6%

You're not logged in!

Compare scores with friends on all Sporcle quizzes.
Join for Free
OR
Log In

You Might Also Like...

Show Comments

Extras

Top Quizzes Today


Score Distribution

Your Account Isn't Verified!

In order to create a playlist on Sporcle, you need to verify the email address you used during registration. Go to your Sporcle Settings to finish the process.

Report this User

Report this user for behavior that violates our Community Guidelines.

Details: